00777cam a22002411 4500001001300000003000400013005001700017008004100034010001700075035001900092040004400111042001200155050002200167082001000189110004900199245004300248260008100291300001900372490002600391650003200417810006900449999001700518e 46000003 DLC20260227111232.0770418s1945 miu s001 0 eng c ae 46000003  a(OCoLC)2897204 aU. S. Off. of educ. LibrarycIEdSdDLC apremarc00aL162b.B3 no. 338 a371.61 aMichigan.bDepartment of Public Instruction.12aA guide for planning school buildings. aLansing, Mich.,bE. B. Elliott, superintendent of public instruction,c1945. a147 p.c23 cm.1 aIts Bulletinvno. 338 0aSchool buildingszMichigan.1 aMichigan.bDepartment of Public Instruction.tBulletinvno. 338. c22027d22027